[Event "Wuerttemberg-ch MT"]
[Site "Stuttgart"]
[Date "2015.09.01"]
[Round "4"]
[White "Reuss, Andreas"]
[Black "Hirneise, Jens"]
[Result "1-0"]
[WhiteElo "2324"]
[BlackElo "2254"]
[PlyCount "91"]
[EventDate "2015.08.29"]
[EventType "swiss"]
[EventRounds "9"]
[EventCountry "GER"]
[SourceTitle "EXT 2017"]
[Source "ChessBase"]
[SourceDate "2016.10.25"]
[SourceVersion "1"]
[SourceVersionDate "2016.10.25"]
[SourceQuality "1"]

1. d4 Nf6 2. c4 g6 3. d5 c6 4. Nc3 e6 5. d6 Qa5 6. f4 Bg7 7. Bd2 Qc5 8. e4 e5 9. Qe2 Nh5 10. fxe5 Bxe5 11. Nf3 0-0 12. Nxe5 Qxe5 13. 0-0-0 b5 14. Be3 b4 15. Na4 Na6 16. Qf3 Qa5 17. b3 Qe5 18. Kb1 c5 19. Rd5 Qe6 20. Bh6 Bb7 21. Bd3 Ng7 22. g4 Rae8 23. Rf1 f6 24. Qg3 Bc6 25. Nb2 Nb8 26. Re1 Bxd5 27. cxd5 Qf7 28. Rf1 Kh8 29. Bg5 Nf5 30. gxf5 fxg5 31. f6 g4 32. Qxg4 Re5 33. Nc4 Rh5 34. Qg3 Re8 35. h4 Kg8 36. Qf4 Kf8 37. Rf2 g5 38. hxg5 Rh3 39. Bc2 Rh1+ 40. Kb2 Rh5 41. Ne5 Rh4 42. Qxh4 Rxe5 43. Qh2 Re8 44. Qh6+ Kg8 45. e5 Rxe5 46. Rh2 1-0

[Event "Wuerttemberg-ch MT"]
[Site "Gruenbach"]
[Date "2014.09.01"]
[Round "3"]
[White "Namyslo, Holger"]
[Black "Reuss, Andreas"]
[Result "1/2-1/2"]
[WhiteElo "2211"]
[BlackElo "2283"]
[PlyCount "69"]
[EventDate "2014.08.30"]
[EventType "swiss"]
[EventRounds "9"]
[EventCountry "GER"]
[SourceTitle "EXT 2017"]
[Source "ChessBase"]
[SourceDate "2016.10.25"]
[SourceVersion "1"]
[SourceVersionDate "2016.10.25"]
[SourceQuality "1"]

1. e4 c6 2. d4 d5 3. e5 Bf5 4. Bd3 Bxd3 5. Qxd3 e6 6. Ne2 Qa5+ 7. Nbc3 Qa6 8. Qh3 b5 9. Ng3 b4 10. Nce2 Nd7 11. 0-0 g6 12. Re1 c5 13. Be3 Ne7 14. a3 bxa3 15. Rxa3 Qb6 16. Rb3 Qa5 17. c3 Nc6 18. Ra3 Qb5 19. Raa1 Qxb2 20. Qg4 cxd4 21. cxd4 Rb8 22. Nf4 h5 23. Qd1 a5 24. Rc1 Qb5 25. Nge2 Ba3 26. Nc3 Qb3 27. Ncxd5 Qxd1 28. Nc7+ Kd8 29. Ncxe6+ fxe6 30. Rcxd1 Re8 31. Nxe6+ Rxe6 32. d5 Ndxe5 33. dxe6+ Ke7 34. Bg5+ Ke8 35. Bf4 1/2-1/2

[Event "Wuerttemberg-ch MT"]
[Site "Bisingen"]
[Date "2013.08.31"]
[Round "1"]
[White "Reuss, Andreas"]
[Black "Narr, Kevin"]
[Result "1-0"]
[WhiteElo "2328"]
[BlackElo "2100"]
[PlyCount "60"]
[EventDate "2013.08.31"]
[EventType "swiss"]
[EventRounds "9"]
[EventCountry "GER"]
[SourceTitle "EXT 2017"]
[Source "ChessBase"]
[SourceDate "2016.10.25"]
[SourceVersion "1"]
[SourceVersionDate "2016.10.25"]
[SourceQuality "1"]

1. d4 g6 2. e4 Bg7 3. h3 c5 4. d5 d6 5. c4 f5 6. exf5 Bxf5 7. Bd3 e6 8. Bxf5 exf5 9. Ne2 Na6 10. 0-0 Nf6 11. Nf4 Nc7 12. Re1+ Kf7 13. Ne6 Nxe6 14. dxe6+ Kg8 15. Nc3 h6 16. g4 fxg4 17. hxg4 Kh7 18. Bf4 Qb6 19. Qe2 Rad8 20. Rad1 a6 21. e7 Rd7 22. Qe6 Qxb2 23. Nd5 Re8 24. Rd2 Nxd5 25. Qxd7 Qf6 26. Bxd6 Nf4 27. Qxe8 Nh3+ 28. Kg2 Nf4+ 29. Bxf4 Qxf4 30. Qxg6+ Kxg6 1-0

[Event "Wuerttemberg-ch MT"]
[Site "Illertissen"]
[Date "2012.08.29"]
[Round "5"]
[White "Reuss, Andreas"]
[Black "Anistratov, Dmitrij"]
[Result "0-1"]
[WhiteElo "2296"]
[BlackElo "2332"]
[PlyCount "74"]
[EventDate "2012.08.25"]
[EventType "swiss"]
[EventRounds "9"]
[EventCountry "GER"]
[SourceTitle "EXT 2017"]
[Source "ChessBase"]
[SourceDate "2016.10.25"]
[SourceVersion "1"]
[SourceVersionDate "2016.10.25"]
[SourceQuality "1"]

1. e4 c5 2. Nf3 Nc6 3. d4 cxd4 4. Nxd4 g6 5. c4 Bg7 6. Nc2 Nf6 7. Nc3 0-0 8. Be2 d6 9. 0-0 Bd7 10. Be3 Qa5 11. Rb1 Rfc8 12. b4 Qd8 13. h3 Ne5 14. Na3 b5 15. f4 Nxc4 16. Nxc4 bxc4 17. Bf3 Ne8 18. e5 Bc6 19. Bxc6 Rxc6 20. Qf3 Qd7 21. Nd5 Rcc8 22. b5 e6 23. b6 exd5 24. b7 dxe5 25. fxe5 Rab8 26. bxc8Q Rxc8 27. Rfd1 Nc7 28. Bxa7 Bxe5 29. Qe3 Ne6 30. Bb6 Bf4 31. Qf3 d4 32. Bxd4 Nxd4 33. Qxf4 Ne2+ 34. Kf2 Qxd1 35. Qg4 Qd4+ 36. Kxe2 Re8+ 37. Kf1 Qd3+ 0-1

[Event "Wuerttemberg-ch MT"]
[Site "Illertissen"]
[Date "2012.08.28"]
[Round "4"]
[White "Imhof, Thomas"]
[Black "Reuss, Andreas"]
[Result "0-1"]
[WhiteElo "2081"]
[BlackElo "2296"]
[PlyCount "86"]
[EventDate "2012.08.25"]
[EventType "swiss"]
[EventRounds "9"]
[EventCountry "GER"]
[SourceTitle "EXT 2017"]
[Source "ChessBase"]
[SourceDate "2016.10.25"]
[SourceVersion "1"]
[SourceVersionDate "2016.10.25"]
[SourceQuality "1"]

1. e4 c6 2. d4 d5 3. Nc3 dxe4 4. Nxe4 Bf5 5. Ng3 Bg6 6. Nf3 Nd7 7. h4 h6 8. h5 Bh7 9. Bd3 Bxd3 10. Qxd3 Ngf6 11. c4 e6 12. Bd2 Qc7 13. 0-0-0 Bd6 14. Ne4 Nxe4 15. Qxe4 Nf6 16. Qe2 Bf4 17. g3 Bxd2+ 18. Rxd2 0-0 19. Ne5 c5 20. dxc5 Qxc5 21. Kb1 Rad8 22. Rhd1 Qa5 23. Nd7 Rxd7 24. Rxd7 Nxd7 25. Rxd7 Rd8 26. Rxb7 Qf5+ 27. Kc1 Qg5+ 28. Kc2 Qf5+ 29. Kc1 Rd4 30. Rxa7 Re4 31. Qf1 Qxh5 32. Rd7 Qa5 33. Qd3 Re1+ 34. Kc2 Qa4+ 35. b3 Qxa2+ 36. Kc3 Qa5+ 37. Kc2 f5 38. Qd2 Qa1 39. Rd8+ Kh7 40. c5 Rb1 41. Qf4 Qa2+ 42. Kd3 Rxb3+ 43. Kd4 Qb2+ 0-1

[Event "Staufer op 24th"]
[Site "Schwaebisch Gmuend"]
[Date "2012.01.05"]
[Round "8"]
[White "Reuss, Andreas"]
[Black "Hahn, Markus"]
[Result "1/2-1/2"]
[WhiteElo "2301"]
[BlackElo "2137"]
[PlyCount "106"]
[EventDate "2012.01.02"]
[EventType "swiss"]
[EventRounds "9"]
[EventCountry "GER"]
[SourceTitle "CBM 146 Extra"]
[Source "ChessBase"]
[SourceDate "2012.02.29"]
[SourceVersion "1"]
[SourceVersionDate "2012.02.29"]
[SourceQuality "1"]

1. d4 Nf6 2. c4 e6 3. Nf3 Bb4+ 4. Bd2 Qe7 5. c5 Bxd2+ 6. Nbxd2 b6 7. b4 Bb7 8. e3 0-0 9. Be2 bxc5 10. bxc5 Nc6 11. 0-0 Nd5 12. Rc1 f5 13. Re1 Rab8 14. Bc4 Nd8 15. Qa4 Bc6 16. Qa3 Nf7 17. Rb1 g5 18. Rxb8 Rxb8 19. Rb1 Qd8 20. Rb3 g4 21. Ne5 Nxe5 22. dxe5 Qf8 23. Be2 Ne7 24. e4 Rxb3 25. axb3 fxe4 26. b4 Qf4 27. Nf1 Nf5 28. Qc3 e3 29. Nxe3 Nd4 30. Qd2 h5 31. Bf1 Qxe5 32. Nc4 Qf6 33. Qe3 Bb5 34. h3 Nf5 35. Qa3 gxh3 36. Qxh3 Bxc4 37. Bxc4 Qa1+ 38. Bf1 h4 39. Qg4+ Qg7 40. Qh5 Kf8 41. Qf3 c6 42. Qa3 Qd4 43. Qxa7 Ng3 44. Qb8+ Kf7 45. Qd6 Qxd6 46. cxd6 Nxf1 47. Kxf1 e5 48. Ke2 Ke6 49. Kf3 Kxd6 50. Kg4 Ke6 51. Kxh4 d5 52. f3 Kf5 53. Kg3 Kg5 1/2-1/2

[Event "Staufer op 24th"]
[Site "Schwaebisch Gmuend"]
[Date "2012.01.02"]
[Round "2"]
[White "Reuss, Andreas"]
[Black "Knapp, Michael2"]
[Result "1-0"]
[WhiteElo "2301"]
[BlackElo "2024"]
[PlyCount "55"]
[EventDate "2012.01.02"]
[EventType "swiss"]
[EventRounds "9"]
[EventCountry "GER"]
[SourceTitle "CBM 146 Extra"]
[Source "ChessBase"]
[SourceDate "2012.02.29"]
[SourceVersion "1"]
[SourceVersionDate "2012.02.29"]
[SourceQuality "1"]

1. e4 e6 2. d4 d5 3. Nc3 dxe4 4. Nxe4 Nd7 5. c3 Ngf6 6. Bd3 c5 7. Nf3 Nxe4 8. Bxe4 Be7 9. Qc2 Nf6 10. Bd3 0-0 11. dxc5 Bxc5 12. Bg5 h6 13. Bh4 Be7 14. 0-0-0 Nd5 15. Bg3 Qb6 16. Ne5 Bg5+ 17. Kb1 Bf4 18. a3 Qc7 19. Qe2 Bxg3 20. hxg3 f5 21. Rh4 b5 22. Bc2 a5 23. Ng6 Rf6 24. Rxd5 Rxg6 25. Qxb5 Rf6 26. Qc5 Qxc5 27. Rxc5 Bb7 28. f3 1-0

[Event "Obersulm op"]
[Site "Obersulm"]
[Date "2008.08.27"]
[Round "5"]
[White "Reuss, Andreas"]
[Black "Namyslo, Holger"]
[Result "1/2-1/2"]
[WhiteElo "2340"]
[BlackElo "2309"]
[PlyCount "93"]
[EventDate "2008.08.23"]
[EventType "swiss"]
[EventRounds "9"]
[EventCountry "GER"]
[SourceTitle "CBM 126 Extra"]
[Source "ChessBase"]
[SourceDate "2008.11.05"]
[SourceVersion "1"]
[SourceVersionDate "2008.11.05"]
[SourceQuality "1"]

1. d4 e6 2. c3 Nf6 3. Bg5 c5 4. e3 d5 5. Nd2 Qb6 6. Rb1 Nc6 7. Ngf3 Bd6 8. Be2 Qc7 9. Bd3 cxd4 10. exd4 Bf4 11. 0-0 0-0 12. Qe2 Bxg5 13. Nxg5 e5 14. dxe5 Nxe5 15. Ngf3 Nxd3 16. Qxd3 Qf4 17. Qd4 Qxd4 18. Nxd4 Bd7 19. N2b3 b6 20. f3 Rfe8 21. Kf2 Re7 22. Nc1 Rae8 23. Nd3 g6 24. Ra1 Kf8 25. Rfd1 Rc8 26. g4 g5 27. Nb4 a5 28. Nbc2 Rce8 29. Rd3 Bc8 30. Rh1 h5 31. h4 gxh4 32. g5 Nh7 33. Rxh4 Nxg5 34. Rxh5 f6 35. Rh8+ Kf7 36. Rxe8 Rxe8 37. Nb5 Nh3+ 38. Kf1 Nf4 39. Nd6+ Kg6 40. Nxe8 Bh3+ 41. Kf2 Nxd3+ 42. Ke3 Nxb2 43. Kd4 Bg2 44. Ne1 Bf1 45. Nc7 Bc4 46. Nxd5 Bxa2 47. Nxb6 1/2-1/2

[Event "Oberliga Wuerttemberg 0708"]
[Site "Wuerttemberg"]
[Date "2008.03.09"]
[Round "7.4"]
[White "Reuss, Andreas"]
[Black "Kurmann, Oliver"]
[Result "1/2-1/2"]
[WhiteElo "2326"]
[BlackElo "2385"]
[PlyCount "97"]
[EventDate "2007.10.07"]
[EventType "team-tourn"]
[EventRounds "9"]
[EventCountry "GER"]
[SourceTitle "EXT 2018"]
[Source "ChessBase"]
[SourceDate "2017.10.13"]
[SourceVersion "1"]
[SourceVersionDate "2017.10.13"]
[SourceQuality "1"]
[WhiteTeam "Stuttgart SF"]
[BlackTeam "Boeblingen"]
[WhiteTeamCountry "GER"]
[BlackTeamCountry "GER"]

1. d4 e6 2. e4 d5 3. exd5 exd5 4. Ne2 Bf5 5. Ng3 Bg6 6. Be2 Bd6 7. 0-0 Ne7 8. Nd2 Nf5 9. Nxf5 Bxf5 10. Bg4 Bxg4 11. Qxg4 0-0 12. Nf3 Qd7 13. h3 f6 14. Re1 Qxg4 15. hxg4 g5 16. Nh2 Nc6 17. c3 Kf7 18. g3 Rh8 19. Kg2 h5 20. gxh5 Rxh5 21. Bd2 Rah8 22. Rh1 Kg6 23. Rag1 Ne7 24. Nf1 Nf5 25. Rxh5 Rxh5 26. Rh1 Rxh1 27. Kxh1 c6 28. Kg2 Bc7 29. f3 Nd6 30. Ne3 f5 31. Kf2 Kh5 32. Nxf5 Nxf5 33. g4+ Kg6 34. gxf5+ Kxf5 35. Be3 Bf4 36. Ke2 Bxe3 37. Kxe3 g4 38. Kf2 Kf4 39. fxg4 Kxg4 40. Kg2 Kf4 41. Kf2 Ke4 42. Ke2 a5 43. b3 b6 44. a3 Kf4 45. Kf2 Kg4 46. Kg2 c5 47. dxc5 bxc5 48. Kf2 Kf4 49. b4 1/2-1/2

[Event "GER-ch 79th"]
[Site "Bad Woerishofen "]
[Date "2008.02.19"]
[Round "5"]
[White "Markgraf, Alexander"]
[Black "Reuss, Andreas"]
[Result "1-0"]
[WhiteElo "2442"]
[BlackElo "2326"]
[PlyCount "123"]
[EventDate "2008.02.15"]
[EventType "swiss"]
[EventRounds "9"]
[EventCountry "GER"]
[SourceTitle "CBM 122 Extra"]
[Source "ChessBase"]
[SourceDate "2008.03.04"]
[SourceVersion "1"]
[SourceVersionDate "2008.03.04"]
[SourceQuality "1"]

1. e4 d5 2. exd5 c6 3. dxc6 Nxc6 4. Nc3 e5 5. Bb5 Nf6 6. Nf3 Bd6 7. d3 0-0 8. Bxc6 bxc6 9. 0-0 Nd5 10. Re1 Bg4 11. h3 Bh5 12. g4 Bg6 13. Nxd5 cxd5 14. Nxe5 Qh4 15. Qf3 Rae8 16. Bf4 Qf6 17. Qg3 Bxe5 18. Bxe5 Qc6 19. Bc3 h6 20. Qf4 a6 21. Qd4 f6 22. Bb4 Rf7 23. Rxe8+ Qxe8 24. Re1 Qa4 25. Qc5 Kh7 26. a3 Qd7 27. Qd6 Qc8 28. Re2 f5 29. Qe6 Qb7 30. Bc3 fxg4 31. Qxg4 Bf5 32. Qg2 Qd7 33. Kh2 d4 34. Bb4 Qb5 35. Qg3 Bc8 36. Re7 Rxe7 37. Bxe7 Qf5 38. Bd6 Bb7 39. Be5 g5 40. h4 Kg6 41. hxg5 h5 42. Qf4 Qxf4+ 43. Bxf4 Bf3 44. Kg3 Bd1 45. c3 a5 46. cxd4 Bb3 47. Bd2 a4 48. Kf4 Be6 49. Ke5 Bf5 50. d5 h4 51. d6 h3 52. Bf4 Bd7 53. d4 h2 54. Bxh2 Kxg5 55. Kd5 Kf6 56. Kc5 Ke6 57. Kb6 Kf7 58. Kc7 Ke8 59. Be5 Bf5 60. d5 Bd7 61. f4 Bf5 62. b4 1-0

[Event "GER-ch 79th"]
[Site "Bad Woerishofen "]
[Date "2008.02.16"]
[Round "2"]
[White "Buhmann, Rainer"]
[Black "Reuss, Andreas"]
[Result "1-0"]
[WhiteElo "2570"]
[BlackElo "2326"]
[PlyCount "101"]
[EventDate "2008.02.15"]
[EventType "swiss"]
[EventRounds "9"]
[EventCountry "GER"]
[SourceTitle "CBM 122 Extra"]
[Source "ChessBase"]
[SourceDate "2008.03.04"]
[SourceVersion "1"]
[SourceVersionDate "2008.03.04"]
[SourceQuality "1"]

1. d4 Nf6 2. Nf3 g6 3. c4 Bg7 4. Nc3 0-0 5. e4 d6 6. Be2 e5 7. 0-0 exd4 8. Nxd4 Nc6 9. Be3 Re8 10. f3 Nh5 11. Qd2 Nf4 12. Rfd1 Bxd4 13. Bxd4 Qg5 14. Bf1 Nh3+ 15. Kh1 Qxd2 16. Rxd2 Nxd4 17. Rxd4 Nf4 18. Rc1 Kg7 19. Rd2 b6 20. Nd5 Ne6 21. g3 Bb7 22. Bh3 Ng5 23. Bg2 Ne6 24. Kg1 a5 25. b3 Rab8 26. Rc3 Bc6 27. Kf2 Rb7 28. a3 Ra7 29. h4 Nc5 30. g4 h6 31. Kg3 Ne6 32. Bf1 Nc5 33. Re3 Rb8 34. g5 hxg5 35. hxg5 Rh8 36. Bg2 Rb7 37. Rc3 Ne6 38. f4 b5 39. cxb5 Bxb5 40. f5 Nc5 41. f6+ Kf8 42. Nf4 Rb8 43. e5 dxe5 44. Nxg6+ fxg6 45. Rxc5 Rh7 46. Rxe5 Bd7 47. Rd3 Bf5 48. Rxf5 gxf5 49. Bd5 Rh5 50. Kf4 Rb6 51. Bc4 1-0

[Event "Oberliga Wuerttemberg 0708"]
[Site "Wuerttemberg"]
[Date "2008.02.10"]
[Round "6.3"]
[White "Reuss, Andreas"]
[Black "Bilalic, Merim"]
[Result "0-1"]
[WhiteElo "2326"]
[BlackElo "2288"]
[PlyCount "82"]
[EventDate "2007.10.07"]
[EventType "team-tourn"]
[EventRounds "9"]
[EventCountry "GER"]
[SourceTitle "EXT 2018"]
[Source "ChessBase"]
[SourceDate "2017.10.13"]
[SourceVersion "1"]
[SourceVersionDate "2017.10.13"]
[SourceQuality "1"]
[WhiteTeam "Stuttgart SF"]
[BlackTeam "Bebenhausen"]
[WhiteTeamCountry "GER"]
[BlackTeamCountry "GER"]

1. Nf3 Nc6 2. d4 d5 3. c4 Bg4 4. Nc3 e6 5. Qa4 Bxf3 6. gxf3 Nf6 7. e3 Bb4 8. a3 Bxc3+ 9. bxc3 0-0 10. Be2 Re8 11. Bb2 a6 12. 0-0 Qd7 13. Kh1 b5 14. cxb5 axb5 15. Qc2 Na5 16. e4 Nc4 17. e5 Nh5 18. Bc1 f5 19. Rg1 Kh8 20. Bg5 g6 21. Qc1 Qf7 22. f4 Ng7 23. h4 h5 24. Bf6 Rg8 25. Rg3 Kh7 26. Ra2 c6 27. Qd1 Ne8 28. Bg5 Ng7 29. Bf6 Ne8 30. Bg5 Ng7 31. a4 Ra7 32. Ra1 Rga8 33. Bf6 Ne8 34. Rg5 Nxf6 35. exf6 Kh6 36. Qg1 Rxa4 37. Re1 Qxf6 38. Kh2 Nd2 39. Qg2 Ra1 40. Bd1 Ne4 41. Rg1 Kh7 0-1

[Event "Oberliga Wuerttemberg 0708"]
[Site "Wuerttemberg"]
[Date "2007.10.21"]
[Round "2.2"]
[White "Grill, Bernd"]
[Black "Reuss, Andreas"]
[Result "0-1"]
[WhiteElo "2172"]
[BlackElo "2326"]
[PlyCount "110"]
[EventDate "2007.10.07"]
[EventType "team-tourn"]
[EventRounds "9"]
[EventCountry "GER"]
[SourceTitle "EXT 2018"]
[Source "ChessBase"]
[SourceDate "2017.10.13"]
[SourceVersion "1"]
[SourceVersionDate "2017.10.13"]
[SourceQuality "1"]
[WhiteTeam "Ebersbach"]
[BlackTeam "Stuttgart SF"]
[WhiteTeamCountry "GER"]
[BlackTeamCountry "GER"]

1. d4 d5 2. c4 c6 3. Nf3 Nf6 4. Nc3 a6 5. c5 g6 6. Bf4 Bg7 7. h3 0-0 8. e3 b6 9. cxb6 Qxb6 10. Qd2 Ne4 11. Nxe4 dxe4 12. Ne5 Bxe5 13. Bxe5 Nd7 14. Bg3 a5 15. f3 Ba6 16. Bxa6 Rxa6 17. 0-0 exf3 18. gxf3 Re8 19. Qc3 Qb5 20. Rad1 Qd5 21. b3 a4 22. Qc4 Qg5 23. Kh2 Rea8 24. Bf4 Qf5 25. Rf2 axb3 26. axb3 Ra2 27. Rdd2 Rxd2 28. Rxd2 Ra1 29. Qd3 Ra2 30. Kg3 Rxd2 31. Qxd2 Qb1 32. Kg2 Qxb3 33. Qc1 Qb5 34. Bc7 f6 35. Kf2 Kf7 36. Qc2 Nf8 37. Qa2+ Qd5 38. Qxd5+ cxd5 39. h4 Ne6 40. Bb6 Ng7 41. Bc7 Nf5 42. h5 g5 43. Bb6 Ng7 44. f4 gxf4 45. exf4 Nxh5 46. Kf3 Ng7 47. Kg4 Kg6 48. Bc5 h5+ 49. Kf3 Ne6 50. Bxe7 Nxd4+ 51. Kf2 Ne6 52. Kf3 Kf5 53. Bd6 h4 54. Bb8 h3 55. Kg3 Nxf4 0-1

[Event "Wuerttemberg-ch MT"]
[Site "Tuebingen"]
[Date "2007.08.30"]
[Round "6"]
[White "Reuss, Andreas"]
[Black "Frick, Christoph"]
[Result "1-0"]
[WhiteElo "2303"]
[BlackElo "2240"]
[PlyCount "82"]
[EventDate "2007.08.25"]
[EventType "swiss"]
[EventRounds "9"]
[EventCountry "GER"]
[SourceTitle "CBM 120 Extra"]
[Source "ChessBase"]
[SourceDate "2007.11.01"]
[SourceVersion "1"]
[SourceVersionDate "2007.11.01"]
[SourceQuality "1"]

1. d4 g6 2. c4 Bg7 3. Nc3 d6 4. e4 Nc6 5. Be3 e5 6. d5 Nce7 7. c5 f5 8. Nb5 f4 9. cxd6 cxd6 10. Bd2 Nf6 11. f3 0-0 12. Qb3 Kh8 13. Qa3 Ne8 14. Bb4 Rf6 15. g4 fxg3 16. hxg3 a6 17. Ba5 b6 18. Bd2 Rf7 19. Rc1 Bb7 20. Nc3 Ng8 21. Be3 b5 22. Qb3 Nef6 23. Nh3 Bc8 24. Ng5 Rb7 25. Bh3 h6 26. Bxc8 Rxc8 27. Ne6 Qe7 28. Kf2 b4 29. Ne2 Rxc1 30. Rxc1 Nh5 31. Qa4 Ngf6 32. Qxa6 Nxe4+ 33. fxe4 Qf6+ 34. Ke1 Rf7 35. Qxd6 Qf3 36. Rc8+ Kh7 37. Qd8 g5 38. Nxg7 Nxg7 39. Qh8+ Kg6 40. Rc6+ Kh5 41. Rxh6+ Kg4 1-0